WWE - Name a Valid Answer #10 - Statistics

General Stats
  • This quiz has been taken 139 times
  • The average score is 9 of 15
Answer Stats
Name a wrestler that ... Valid answer(s) % Correct
won a women's Royal Rumble match in the 2010's Asuka | Becky Lynch
92%
lost the 24/7 Championship to a celebrity or non-wrestler Akira Tozawa | Carmella | Mojo Rawley | Nikki A.S.H. | R-Truth | Samir Singh
90%
won a match on the first night of WrestleMania 36 (2020) Alexa Bliss | Becky Lynch | Braun Strowman | Elias | John Morrison | Kevin Owens | Nikki Cross | Sami Zayn | The Undertaker
85%
won the WWE Championship at a Backlash PPV AJ Styles | Hollywood Hulk Hogan | Jinder Mahal | Randy Orton | The Rock | Triple H
83%
lost any World Championship at a Royal Rumble PPV AJ Styles | Brock Lesnar | CM Punk | Edge | Jeff Hardy | Mankind | Roman Reigns | Sycho Sid | The Ultimate Warrior
79%
defeated John Cena to win the United States Championship from him Alberto Del Rio | Carlito | Orlando Jordan | Seth Rollins
77%
won the Money in the Bank but never cashed it in Mr. Kennedy | Otis
75%
was in the Money in the Bank Ladder match in 2015 but didn't win the briefcase Dolph Ziggler | Kane | Kofi Kingston | Neville | Randy Orton | Roman Reigns
67%
won the Cruiserweight Championship in 2002 Billy Kidman | The Hurricane | Jamie Noble | Tajiri
55%
held the ECW Championship in both the original version of the company and the WWE brand Tommy Dreamer
52%
won any championship at a Fastlane PPV Cesaro | Cody Rhodes | Jey Uso | Randy Orton | Tyson Kidd
46%
won the Cruiserweight Championship in 2018 Buddy Murphy | Cedric Alexander
45%
lost any Tag Team Championship in a Handicap match Hardcore Holly | Seth Rollins
43%
won a Royal Rumble match that took place on an episode of Raw Chyna | The Great Khali | Hornswoggle | Jerry Lawler | Kane | Mankind
41%
Funaki defeated to win any championship from Spike Dudley | Viscera
18%
No matching quizzes found
Score Distribution
Percent of People with Each Score
Percentile by Number Answered
Your Score History
You have not taken this quiz